书目信息 |
| 题名: |
Photoshop中文版平面广告设计教程
|
|
| 作者: | 黄忠 编 ;李韵琴 , 刘英 , 甄仓房 编 ;北京市计算机绘图教育研究中心 主编 | |
| 分册: | ||
| 出版信息: | 上海 上海科学普及出版社 2007.07 |
|
| 页数: | 350页, 8 页图版 | |
| 开本: | 26cm | |
| 丛书名: | 国家紧缺人才技能培训系列 | |
| 单 册: | ||
| 中图分类: | J524.3 | |
| 科图分类: | ||
| 主题词: | 广告--平面设计--计算机辅助设计--图形软件 | |
| 电子资源: | ||
| ISBN: | 978-7-5427-3755-7 | |
| 000 | 01152nam 2200301 450 | |
| 001 | 012010622917 | |
| 005 | 20101125120343.60 | |
| 010 | @a978-7-5427-3755-7@dCNY30.00 | |
| 100 | @a20101129d2007 em y0chiy0110 ea | |
| 101 | 0 | @achi |
| 102 | @aCN@b310000 | |
| 105 | @aa z 000yy | |
| 200 | 1 | @aPhotoshop中文版平面广告设计教程@APhotoshop zhong wen ban ping mian guang gao she ji jiao cheng@f北京市计算机绘图教育研究中心主编@g黄忠,李韵琴,刘英编 |
| 210 | @a上海@c上海科学普及出版社@d2007.07 | |
| 215 | @a350页, 8 页图版@c彩图@d26cm | |
| 225 | 2 | @a国家紧缺人才技能培训系列 |
| 330 | @a本书通过基础知识与实例制作相结合的讲授方式,详细地讲解了Photoshop图像编辑软件的使用方法和操作技巧。 | |
| 410 | 0 | @12001 @a国家紧缺人才技能培训系列 |
| 606 | 0 | @a广告@x平面设计@x计算机辅助设计@x图形软件 |
| 610 | 0 | @aPhotoshop |
| 690 | @aJ524.3@v4 | |
| 701 | 0 | @a黄忠@Ahuang zhong@4编 |
| 702 | 0 | @a李韵琴@Ali yun qin@4编 |
| 702 | 0 | @a刘英@Aliu ying@4编 |
| 702 | 0 | @a甄仓房@Azhen cang fang@4编 |
| 711 | 02 | @a北京市计算机绘图教育研究中心@Abei jing shi ji suan ji hui tu jiao yu yan jiu zhong xin@4主编 |
| 801 | 0 | @aCN@c20101129 |
| 905 | @dJ524.3@eB520 | |
| Photoshop中文版平面广告设计教程/北京市计算机绘图教育研究中心主编/黄忠,李韵琴,刘英编.-上海:上海科学普及出版社,2007.07 |
| 350页, 8 页图版:彩图;26cm.-(国家紧缺人才技能培训系列) |
| ISBN 978-7-5427-3755-7:CNY30.00 |
| 本书通过基础知识与实例制作相结合的讲授方式,详细地讲解了Photoshop图像编辑软件的使用方法和操作技巧。 |
| ● |
| 相关链接 |
|
|
|
正题名:Photoshop中文版平面广告设计教程
索取号:J524.3/B520
 
预约/预借
| 序号 | 登录号 | 条形码 | 馆藏地/架位号 | 状态 | 备注 |
| 1 | 1035870 | 210358708 | 社科库309/309社科库 87排1列5层/ [索取号:J524.3/B520] | 在馆 | |
| 2 | 1035871 | 210358717 | 自科二线404/309社科库 88排3列3层/ [索取号:J524.3/B520] | 在馆 | |
| 3 | 1035872 | 210358726 | 自科二线404/404自科库 2排1列2层/ [索取号:J524.3/B520] | 在馆 |